HLP 1: réviser le bac/culture générale - Statistiques

Statistiques générales
  • Ce quiz a été pris 20 fois
  • Le résultat moyen est 7 sur 42
Statistiques - réponses
Question Réponse % Correct
Auteur de Emile ou De L'Education et philosophe des Lumières Jean-Jacques Rousseau
100%
Quels sont les auteurs principaux de l'Encyclopédie ? Diderot
69%
Citez l'oeuvre la plus célèbre d'Olympe de Gouge. La Déclaration des Droits de la Femme et de la Citoyenne
54%
Tocqueville pense que l'école publique et devenu une affaire nationale qui uniformise les élèves. VRAI ou FAUX VRAI
54%
Quel écrivain et poète romantique condamne, comme Rousseau, la pédagogie de son époque ? Victor Hugo
46%
D'Alembert
38%
Qui a écrit Discours sur la servitude volontaire ? Etienne de La Boétie
31%
Date de sa publication 1762
23%
Dans quel livre Hannah Arendt encourage le lecteur à s’émanciper de éducation passée en gardant certains principes passés ? La Crise de la Culture
23%
Donnez le titre du roman autobiographique de Jules Valles où le personnage principal partage ses initiales. L'Enfant
23%
Comment s'appelle un roman où le héros souvent jeune chemine et atteint progressivement l'idéal de l'Homme accompli et cultivé en faisant l'expérience des grands événements de l'existence ? Le roman d'apprentissage
23%
Quel terme apparaît en 1903 en Grande-Bretagne pour désigner les militantes d'un mouvement pour le droit de vote des femmes ? Les suffragettes
23%
Comment se nomme t'il en allemand (d'où il est originaire) ? Le Bildungsroman
15%
Donnez le titre de l'autobiographie de Jean-Paul Sartre. Les Mots
15%
Qui a pour une des ses thèses : Un peuple ignorant est une proie facile pour les tyrans ? Nicolas de Condorcet
15%
Quel siècle voit le début du combat pour l'éducation des femmes qui réclament l'égalité ? XVII
15%
Date de sa publication. 1853
8%
Quelle est la date de la loi de Jules Ferry rendant l'école primaire obligatoire pour former les nouveaux citoyens ? 28 mars 1882
8%
Complétez sa citation : C'est en les faisant aimer qu'on les fera "...". comprendre
8%
Dans quelle œuvre ce philosophe parle-il de la faculté de se perfectionner de l'homme, la perfectibilité ? Discours sur l’origine et les fondements de l’inégalité parmi les hommes
8%
Complétez : Dans l’Encyclopédie, Diderot aucun homme n’a le droit, reçu de la nature, de "..." sur les autres. dominer
8%
Quelles sont les deux étymologies du mot éduquer qui signifie respectivement élever et conduire, faire éclore ? Educare
8%
Educere
8%
Quel mot latin signifie affranchir un esclave du droit de vente, prendre par la main et a donné le mot "émanciper" ? Emancipare
8%
Citez son auteur. Emile Durkheim
8%
Par quelle phrase Flaubert conclut-il L'Education Sentimentale ? Et ce fut tout
8%
Qui a dit "Ouvrir une école c'est fermer une prison.", citation apocryphe qu'on attribue souvent à l'auteur des Contemplations ? Félix Bogaerts
8%
Qui a dit : "Le grand but de l'éducation est d'apprendre à l'homme à s'élever quand d'autres auront cessé de le faire." François Guizot
8%
Quel est son personnage principal ? Frédéric Moreau
8%
Quel mot latin signifie "assembler, élever, bâtir, munir, outiller " et a donné le verbe instruire ? instruo
8%
Jaucourt
8%
Et en anglais ? La Coming Of Age story
8%
Nom du tableau de Raphaël qui illustre la transmission du savoir dès l'Antiquité. L'Ecole des Philosophes
8%
Quelle est la fameuse citation de Rousseau dans Du Contrat Social ? L'homme est né libre et partout il est dans les fers.
8%
Dans quel institut se trouve t'il ? L'Institut Poupon
8%
Que veut-elle dire ? Ose penser par toi-même
8%
Dans quelle oeuvre ? Pensées et Maximes
8%
Quelle est la citation célèbre de Kant sur l'émancipation ? Sapere Aude
8%
Date de sa publication 1755
0%
Dans quel oeuvre l'auteur écrit-il : "Chaque enfant qu’on enseigne est un homme qu’on gagne." ? Écrit après la visite d’un bagne
0%
Citez l'auteur de l'oeuvre qui dit que l'école transforme un individu asocial en social. Education et sociologie
0%
Citez des exemples. L'Ingénu de Voltaire, L'Education Sentimentale de Flaubert, Les Souffrances du jeune Werther de Goethe, L'Odyssée d'Homère ...
0%
Aucun quiz correspondant
Distribution des résultats
% des personnes avec chaque résultat
Percentile par nombre de réponses
Votre historique - résultats
Vous n’avez pas pris ce quiz